000 01023cam a22003017a 4500
003 CHAP
005 20220329134806.0
008 971013s1978 r 00010 d
010 _a25996
011 _a26968
035 _a31069
040 _cCHAP
082 _a635.65
_bI5 1977
111 0 0 _aInternational Mungbean Symposium
_n(1 :
_d1977 :
_cLos BaƱos, Phillipines)
_959753
245 0 _aProceedings
260 _aTaiwan :
_bAsian Vegetable Research and Development Center,
_c(1978)
300 _a262 p.
_b: ilus
590 _aBATCH-UPD
_b10
_c20130110
_lUCH01
_h1429
590 _aBATCH-UPD
_b10
_c20130410
_lUCH01
_h0907
590 _aBATCH-UPD
_b10
_c20130914
_lUCH01
_h1440
590 _aCONVERSION
_b10
_c20130109
_lUCH01
_h1315
650 1 4 _aFrijol
_xVariedades.
_943446
650 1 4 _aPhaseolus aurus.
_987772
901 _aBK
942 _cLIBRO
949 _a635.65 I5 1977
_bBC
_cLIBRO
_d33724000263257
_eLIBRO
_fc.2
_h44362
_i31069
_mD
_si
949 _a635.65 I5 1977
_bBC
_cLIBRO
_d33724000263471
_eLIBRO
_h44269
_i31069
_mD
_si
999 _c25996
_d25996